| 000 | 00600nam a22001457a 4500 | ||
|---|---|---|---|
| 999 |
_c7937 _d7938 |
||
| 008 | 190425b ||||| |||| 00| 0 eng d | ||
| 082 | _a301 E42r 1958 | ||
| 100 | _aEliade, Mircea | ||
| 245 |
_aRites and symbols of initiation : _bthe mysteries of birth and rebirth |
||
| 260 |
_aLondon ; _bHarper Torch books, _c1958. |
||
| 300 |
_axxiv, 175 p. ; _c23 cm. |
||
| 500 | _a Originally published: New York : Harper Bros., 1958, in series: The Library of religion and culture. Includes bibliographical references (p. 137-165) and index | ||
| 650 | _a Initiation rites--Religious aspects. | ||
| 942 | _2ddc | ||